[Event "7. Arber-Senioren-Cup 2019"]
[Site "Bodenmais"]
[Date "2019.08.01"]
[Round "6.15"]
[White "Boldt, Heinrich"]
[Black "Augustin, Christian"]
[Result "1/2-1/2"]
[WhiteElo "1803"]
[BlackElo "1971"]
[Annotator "NA"]
[PlyCount "96"]
[EventDate "2019.07.27"]
[EventType "swiss"]
[EventCountry "GER"]
[SourceTitle "playchess.com"]
[Source "ChessBase"]
[SourceQuality "1"]
[TimeControl "60/7800+30:0"]

1. d4 {[%emt 0:00:00]} c5 {[%emt 0:00:00]} 2. d5 {[%emt 0:01:19]} d6 {[%emt 0:00:30]} 3. c4 {[%emt 0:01:04]} e5 {[%emt 0:00:30]} 4. e4 {[%emt 0:01:56]} Be7 {[%emt 0:00:30]} 5. Bd3 {[%emt 0:02:13]} Bg5 {[%emt 0:04:17]} 6. Nc3 {[%emt 0:04:00]} Bxc1 {[%emt 0:00:30]} 7. Qxc1 {[%emt 0:01:57]} Nh6 {[%emt 0:00:30]} 8. h4 {[%emt 0:04:14]} O-O {[%emt 0:07:25]} 9. Qg5 {[%emt 0:05:31]} f6 {[%emt 0:00:54]} 10. Qd2 {[%emt 0:06:33]} a6 {[%emt 0:23:09]} 11. f3 {[%emt 0:04:37]} f5 {[%emt 0:15:10]} 12. Qg5 {[%emt 0:09:27]} Qb6 {[%emt 0:13:05]} 13. Rb1 {[%emt 0:05:50]} f4 {[%emt 0:02:07]} 14. h5 {[%emt 0:06:52]} Nf7 {[%emt 0:03:53]} 15. Qh4 {[%emt 0:04:21]} h6 {[%emt 0:00:30]} 16. Ke2 {[%emt 0:06:09]} Ng5 {[%emt 0:05:40]} 17. Nh3 {[%emt 0:01:42]} Bxh3 {[%emt 0:00:51]} 18. gxh3 {[%emt 0:00:30]} Nd7 {[%emt 0:00:57]} 19. Rhg1 {[%emt 0:07:31]} Qd8 {[%emt 0:03:12]} 20. Rg2 {[%emt 0:09:03]} Nh7 {[%emt 0:08:12]} 21. Qg4 {[%emt 0:01:35]} Rf7 {[%emt 0:01:06]} 22. Rbg1 {[%emt 0:01:59]} Ng5 {[%emt 0:02:18]} 23. h4 {[%emt 0:02:05]} Nf6 {[%emt 0:01:17]} 24. Qf5 {[%emt 0:01:53]} Ngh7 {[%emt 0:14:41]} 25. Rg6 {[%emt 0:11:36]} Kf8 {[%emt 0:00:30]} 26. Qe6 {[%emt 0:07:11]} Qd7 {[%emt 0:01:01]} 27. Qxd7 {[%emt 0:01:56]} Rxd7 {[%emt 0:00:30]} 28. Na4 {[%emt 0:00:30]} Rf7 {[%emt 0:01:33]} 29. Nb6 {[%emt 0:00:30]} Rd8 {[%emt 0:00:30]} 30. Bc2 {[%emt 0:01:22]} Nxh5 {[%emt 0:00:30]} 31. Ba4 {[%emt 0:03:05]} Ng3+ {[%emt 0:00:30]} 32. Kf2 {[%emt 0:01:19]} Nf6 {[%emt 0:00:41]} 33. Bc2 {[%emt 0:01:40]} Re7 {[%emt 0:01:10]} 34. a3 {[%emt 0:01:18]} Kf7 {[%emt 0:00:54]} 35. R6xg3 fxg3+ 36. Rxg3 {[%emt 0:02:07]} Nh5 {[%emt 0:02:01]} 37. Rg4 {[%emt 0:00:57]} a5 {[%emt 0:00:33]} 38. Na4 {[%emt 0:00:30]} g6 {[%emt 0:01:31]} 39. Nc3 {[%emt 0:01:04]} Kg7 40. Nb5 {[%emt 0:00:56]} Rf7 {[%emt 0:01:00]} 41. Bd1 {[%emt 0:02:34]} Rf4 {[%emt 0:03:34]} 42. Nc7 {[%emt 0:01:31]} Rxg4 {[%emt 0:02:36]} 43. Ne6+ {[%emt 0:00:30]} Kf6 {[%emt 0:00:30]} 44. fxg4 {[%emt 0:01:06]} Rb8 {[%emt 0:01:13]} 45. gxh5 {[%emt 0:00:30]} b5 {[%emt 0:00:30]} 46. hxg6 {[%emt 0:01:54]} Kxg6 {[%emt 0:00:30]} 47. cxb5 {[%emt 0:01:36]} Rxb5 {[%emt 0:00:30]} 48. b3 {[%emt 0:00:34]} Kh7 1/2-1/2

[Event "7. Arber-Senioren-Cup 2019"]
[Site "Bodenmais"]
[Date "2019.08.01"]
[Round "6.16"]
[White "Otto, Klaus"]
[Black "Schmidt, Matthias"]
[Result "1/2-1/2"]
[WhiteElo "1725"]
[BlackElo "2020"]
[Annotator "NA"]
[PlyCount "65"]
[EventDate "2019.07.27"]
[EventType "swiss"]
[EventCountry "GER"]
[SourceTitle "playchess.com"]
[Source "ChessBase"]
[SourceQuality "1"]
[TimeControl "60/7800+30:0"]

1. e4 {[%emt 0:00:00]} c6 {[%emt 0:00:00]} 2. d3 {[%emt 0:00:00]} d5 {[%emt 0:00:12]} 3. Nd2 {[%emt 0:00:12]} e5 {[%emt 0:00:24]} 4. Ngf3 {[%emt 0:00:16]} Bd6 {[%emt 0:00:47]} 5. d4 {[%emt 0:00:19]} exd4 {[%emt 0:00:49]} 6. exd5 {[%emt 0:01:04]} cxd5 {[%emt 0:00:25]} 7. Nxd4 {[%emt 0:00:33]} Nc6 {[%emt 0:01:18]} 8. N4b3 {[%emt 0:03:56]} Nf6 {[%emt 0:01:33]} 9. Nf3 {[%emt 0:03:04]} h6 {[%emt 0:03:49]} 10. Be2 {[%emt 0:01:58]} O-O {[%emt 0:00:27]} 11. O-O {[%emt 0:00:07]} Qc7 {[%emt 0:02:13]} 12. h3 {[%emt 0:02:23]} Bf5 {[%emt 0:04:58]} 13. Be3 {[%emt 0:02:20]} Nb4 {[%emt 0:03:55]} 14. c3 {[%emt 0:02:32]} Bc2 {[%emt 0:03:38]} 15. Qc1 {[%emt 0:01:39]} Bd3 {[%emt 0:06:09]} 16. Bxd3 {[%emt 0:02:22]} Nxd3 {[%emt 0:00:57]} 17. Qd2 {[%emt 0:00:10]} Ne5 {[%emt 0:00:33]} 18. Nxe5 {[%emt 0:00:44]} Bxe5 {[%emt 0:00:03]} 19. Bd4 {[%emt 0:01:16]} Bf4 {[%emt 0:06:28]} 20. Be3 {[%emt 0:00:13]} Bd6 {[%emt 0:00:48]} 21. Nd4 {[%emt 0:00:48]} Qd7 {[%emt 0:02:35]} 22. Qd3 {[%emt 0:05:05]} b6 {[%emt 0:10:49]} 23. Qf5 {[%emt 0:07:36]} Rad8 {[%emt 0:03:41]} 24. Qxd7 {[%emt 0:05:32]} Rxd7 {[%emt 0:02:04]} 25. f3 {[%emt 0:06:55]} Bc5 {[%emt 0:04:49]} 26. Bf2 {[%emt 0:00:18]} a5 {[%emt 0:02:00]} 27. Rae1 {[%emt 0:01:42]} Nh5 {[%emt 0:05:44]} 28. Nb3 {[%emt 0:03:40]} Bxf2+ {[%emt 0:06:17]} 29. Kxf2 {[%emt 0:01:08]} Nf4 {[%emt 0:01:22]} 30. Re3 {[%emt 0:01:51]} a4 {[%emt 0:01:27]} 31. Nd4 {[%emt 0:00:18]} b5 {[%emt 0:10:40]} 32. Rd1 {[%emt 0:00:36]} Rb8 {[%emt 0:03:20]} 33. Ne2 {[%emt 0:02:21]} 1/2-1/2

[Event "7. Arber-Senioren-Cup 2019"]
[Site "Bodenmais"]
[Date "2019.08.01"]
[Round "6.17"]
[White "Riess, Michael"]
[Black "Bock, Ortwin"]
[Result "1-0"]
[WhiteElo "1686"]
[BlackElo "1938"]
[Annotator "NA"]
[PlyCount "41"]
[EventDate "2019.07.27"]
[EventType "swiss"]
[EventCountry "GER"]
[SourceTitle "playchess.com"]
[Source "ChessBase"]
[SourceQuality "1"]
[TimeControl "60/7800+30:0"]

1. e4 {[%emt 0:00:00]} Nc6 {[%emt 0:00:00]} 2. d4 {[%emt 0:00:02]} d5 {[%emt 0:00:16]} 3. e5 {[%emt 0:01:29]} Bf5 {[%emt 0:00:59]} 4. Bb5 {[%emt 0:02:54]} a6 {[%emt 0:02:01]} 5. Bxc6+ {[%emt 0:02:14]} bxc6 {[%emt 0:00:02]} 6. Ne2 {[%emt 0:04:12]} e6 {[%emt 0:02:11]} 7. Ng3 {[%emt 0:00:43]} Bg6 {[%emt 0:02:36]} 8. O-O {[%emt 0:01:00]} h5 {[%emt 0:05:02]} 9. Ne2 {[%emt 0:02:38]} Rb8 {[%emt 0:06:53]} 10. Nf4 {[%emt 0:01:11]} Bf5 {[%emt 0:03:04]} 11. h3 {[%emt 0:04:02]} g6 {[%emt 0:07:41]} 12. Re1 {[%emt 0:03:58]} Bh6 {[%emt 0:05:26]} 13. b3 {[%emt 0:02:36]} Bg5 {[%emt 0:15:53]} 14. Nd3 {[%emt 0:01:25]} Bh4 {[%emt 0:10:05]} 15. Bf4 {[%emt 0:03:30]} Nh6 {[%emt 0:04:26]} 16. Qd2 {[%emt 0:05:36]} g5 {[%emt 0:04:17]} 17. Bg3 {[%emt 0:01:37]} g4 {[%emt 0:04:27]} 18. Bxh4 {[%emt 0:01:18]} Qxh4 {[%emt 0:00:03]} 19. Qf4 {[%emt 0:01:17]} Bxd3 {[%emt 0:04:23]} 20. cxd3 {[%emt 0:00:24]} Nf5 {[%emt 0:00:05]} 21. Nd2 1-0

[Event "7. Arber-Senioren-Cup 2019"]
[Site "Bodenmais"]
[Date "2019.08.01"]
[Round "6.18"]
[White "Schuster, Herbert"]
[Black "Mahnke, Ralf"]
[Result "0-1"]
[WhiteElo "1774"]
[BlackElo "1925"]
[Annotator "NA"]
[PlyCount "118"]
[EventDate "2019.07.27"]
[EventType "swiss"]
[EventCountry "GER"]
[SourceTitle "playchess.com"]
[Source "ChessBase"]
[SourceQuality "1"]
[TimeControl "60/7800+30:0"]

1. e4 {[%emt 0:00:00]} e5 {[%emt 0:00:00]} 2. Nf3 {[%emt 0:00:14]} Nc6 {[%emt 0:00:00]} 3. c4 {[%emt 0:01:11]} Nf6 {[%emt 0:00:22]} 4. Nc3 {[%emt 0:00:37]} Bc5 {[%emt 0:03:26]} 5. Be2 {[%emt 0:02:24]} d6 {[%emt 0:00:26]} 6. O-O {[%emt 0:01:38]} O-O {[%emt 0:00:20]} 7. d3 {[%emt 0:00:27]} h6 {[%emt 0:00:25]} 8. Be3 {[%emt 0:00:37]} Bb6 {[%emt 0:01:11]} 9. h3 {[%emt 0:01:00]} Bd7 {[%emt 0:04:25]} 10. Nd5 {[%emt 0:01:23]} Nxd5 {[%emt 0:01:49]} 11. cxd5 {[%emt 0:00:30]} Ne7 {[%emt 0:00:31]} 12. a4 {[%emt 0:02:23]} c6 {[%emt 0:00:33]} 13. b4 {[%emt 0:04:58]} Bxe3 {[%emt 0:01:38]} 14. fxe3 {[%emt 0:00:38]} cxd5 {[%emt 0:00:16]} 15. Qb3 {[%emt 0:01:08]} Be6 {[%emt 0:03:07]} 16. Qb2 {[%emt 0:03:58]} Qb6 {[%emt 0:02:15]} 17. d4 {[%emt 0:03:55]} dxe4 {[%emt 0:00:55]} 18. a5 {[%emt 0:00:27]} Qd8 {[%emt 0:01:25]} 19. Nd2 {[%emt 0:01:06]} d5 {[%emt 0:03:27]} 20. dxe5 {[%emt 0:00:56]} b6 {[%emt 0:01:24]} 21. Nb3 {[%emt 0:02:00]} bxa5 {[%emt 0:04:24]} 22. Nd4 {[%emt 0:02:54]} Qb6 {[%emt 0:02:53]} 23. Rxa5 {[%emt 0:00:47]} Rab8 {[%emt 0:00:58]} 24. Rb5 {[%emt 0:00:40]} Qc7 {[%emt 0:00:44]} 25. Rxb8 {[%emt 0:01:41]} Rxb8 {[%emt 0:01:08]} 26. Qa3 {[%emt 0:02:29]} Ng6 {[%emt 0:05:18]} 27. Bh5 {[%emt 0:02:21]} Nxe5 {[%emt 0:00:56]} 28. Nxe6 {[%emt 0:00:25]} fxe6 {[%emt 0:00:25]} 29. Rc1 {[%emt 0:03:08]} Qb6 {[%emt 0:03:18]} 30. Kh2 {[%emt 0:02:20]} Nc4 {[%emt 0:01:33]} 31. Qa4 {[%emt 0:02:49]} Rd8 {[%emt 0:11:59]} 32. Ra1 {[%emt 0:02:23]} Qc7+ {[%emt 0:00:38]} 33. Kg1 {[%emt 0:02:06]} Rd7 {[%emt 0:00:51]} 34. Be8 {[%emt 0:01:36]} Re7 {[%emt 0:00:23]} 35. Kf2 {[%emt 0:03:53]} Qb6 {[%emt 0:03:02]} 36. Re1 {[%emt 0:01:44]} Kh7 {[%emt 0:02:15]} 37. Qb5 {[%emt 0:03:05]} Nd6 {[%emt 0:11:33]} 38. Qxb6 {[%emt 0:00:53]} axb6 {[%emt 0:00:10]} 39. Bh5 {[%emt 0:02:14]} g6 {[%emt 0:02:40]} 40. Bd1 {[%emt 0:00:45]} Ra7 {[%emt 0:01:15]} 41. Be2 {[%emt 0:02:09]} Ra2 {[%emt 0:04:40]} 42. Rc1 {[%emt 0:05:40]} Nc4 {[%emt 0:00:37]} 43. b5 {[%emt 0:00:47]} Kg7 {[%emt 0:01:00]} 44. g4 {[%emt 0:01:53]} g5 {[%emt 0:02:02]} 45. Rc3 {[%emt 0:00:24]} Kf6 {[%emt 0:02:27]} 46. Ke1 {[%emt 0:00:21]} Ra4 {[%emt 0:00:51]} 47. Bd1 {[%emt 0:02:17]} Rb4 {[%emt 0:00:29]} 48. Bb3 {[%emt 0:00:25]} Ke5 {[%emt 0:01:05]} 49. Ke2 {[%emt 0:01:46]} Kd6 {[%emt 0:00:22]} 50. Kf2 {[%emt 0:01:59]} Kc5 {[%emt 0:01:00]} 51. Kg3 {[%emt 0:00:25]} Kxb5 {[%emt 0:00:33]} 52. h4 {[%emt 0:00:55]} Kc5 {[%emt 0:00:48]} 53. hxg5 {[%emt 0:01:03]} hxg5 {[%emt 0:00:09]} 54. Kf2 {[%emt 0:01:00]} b5 {[%emt 0:00:38]} 55. Ke2 {[%emt 0:02:48]} Kd6 {[%emt 0:00:17]} 56. Bc2 {[%emt 0:01:08]} Rb2 {[%emt 0:02:05]} 57. Kd1 {[%emt 0:00:27]} b4 {[%emt 0:00:58]} 58. Rb3 {[%emt 0:00:25]} Rxb3 {[%emt 0:00:42]} 59. Bxb3 {[%emt 0:00:04]} Nxe3+ {[%emt 0:00:30]} 0-1

[Event "7. Arber-Senioren-Cup 2019"]
[Site "Bodenmais"]
[Date "2019.08.01"]
[Round "6.19"]
[White "Hilbig, Dieter"]
[Black "Loibl, Johann"]
[Result "1/2-1/2"]
[WhiteElo "1943"]
[BlackElo "1760"]
[Annotator "NA"]
[PlyCount "73"]
[EventDate "2019.07.27"]
[EventType "swiss"]
[EventCountry "GER"]
[SourceTitle "playchess.com"]
[Source "ChessBase"]
[SourceQuality "1"]
[TimeControl "60/7800+30:0"]

1. e4 {[%emt 0:00:00]} e5 {[%emt 0:00:00]} 2. Nf3 {[%emt 0:00:00]} Nc6 {[%emt 0:00:00]} 3. Bc4 {[%emt 0:00:03]} Bc5 {[%emt 0:00:00]} 4. c3 {[%emt 0:00:08]} Nf6 {[%emt 0:00:02]} 5. d3 {[%emt 0:00:09]} d6 {[%emt 0:00:16]} 6. Bb3 {[%emt 0:01:07]} O-O {[%emt 0:01:18]} 7. Bg5 {[%emt 0:00:14]} h6 {[%emt 0:00:08]} 8. Bh4 {[%emt 0:00:07]} Be6 {[%emt 0:04:18]} 9. Bc2 {[%emt 0:00:40]} Qe7 {[%emt 0:12:41]} 10. Nbd2 {[%emt 0:00:46]} Rad8 {[%emt 0:02:30]} 11. Qe2 {[%emt 0:00:48]} a5 {[%emt 0:03:25]} 12. Nf1 {[%emt 0:01:31]} Rfe8 {[%emt 0:08:56]} 13. Ne3 {[%emt 0:00:58]} Bb6 {[%emt 0:09:18]} 14. h3 {[%emt 0:03:28]} g5 {[%emt 0:17:58]} 15. Bg3 {[%emt 0:02:23]} Qf8 {[%emt 0:03:57]} 16. a3 {[%emt 0:04:15]} Bc8 {[%emt 0:06:42]} 17. Nd2 {[%emt 0:05:38]} d5 {[%emt 0:04:02]} 18. O-O-O {[%emt 0:07:37]} d4 {[%emt 0:01:52]} 19. cxd4 {[%emt 0:01:42]} Nxd4 {[%emt 0:02:56]} 20. Qf1 {[%emt 0:01:08]} Qc5 {[%emt 0:04:33]} 21. Kb1 {[%emt 0:03:13]} Nxc2 {[%emt 0:04:33]} 22. Nxc2 {[%emt 0:00:14]} Qb5 {[%emt 0:05:17]} 23. Nc4 {[%emt 0:04:31]} Nxe4 {[%emt 0:03:17]} 24. dxe4 {[%emt 0:04:51]} Rxd1+ {[%emt 0:00:14]} 25. Qxd1 {[%emt 0:00:06]} Qxc4 {[%emt 0:00:11]} 26. h4 {[%emt 0:03:33]} Qxe4 {[%emt 0:04:45]} 27. hxg5 {[%emt 0:02:31]} Bf5 {[%emt 0:02:52]} 28. Rxh6 {[%emt 0:01:55]} Kg7 {[%emt 0:03:25]} 29. Rh1 {[%emt 0:02:22]} Qxc2+ {[%emt 0:06:07]} 30. Qxc2 {[%emt 0:00:07]} Bxc2+ {[%emt 0:00:03]} 31. Kxc2 {[%emt 0:00:08]} Kg6 {[%emt 0:01:24]} 32. Re1 {[%emt 0:00:48]} Kxg5 {[%emt 0:02:29]} 33. Bxe5 {[%emt 0:11:14]} Kf5 {[%emt 0:00:45]} 34. Bc3 {[%emt 0:03:05]} Rxe1 {[%emt 0:01:46]} 35. Bxe1 {[%emt 0:00:07]} Ke4 {[%emt 0:00:21]} 36. Kd2 {[%emt 0:06:28]} a4 {[%emt 0:01:04]} 37. f3+ {[%emt 0:04:18]} 1/2-1/2

[Event "7. Arber-Senioren-Cup 2019"]
[Site "Bodenmais"]
[Date "2019.08.01"]
[Round "6.20"]
[White "Meckel, Helmut"]
[Black "Riedl, Maximilian"]
[Result "1-0"]
[WhiteElo "1804"]
[BlackElo "1905"]
[Annotator "NA"]
[PlyCount "63"]
[EventDate "2019.07.27"]
[EventType "swiss"]
[EventCountry "GER"]
[SourceTitle "playchess.com"]
[Source "ChessBase"]
[SourceQuality "1"]
[TimeControl "60/7800+30:0"]

1. b4 {[%emt 0:04:24]} c6 {[%emt 0:00:00]} 2. c4 {[%emt 0:00:28]} e6 {[%emt 0:00:29]} 3. Bb2 {[%emt 0:00:18]} Nf6 {[%emt 0:00:07]} 4. b5 {[%emt 0:00:14]} cxb5 {[%emt 0:00:27]} 5. cxb5 {[%emt 0:00:06]} d5 {[%emt 0:01:00]} 6. e3 {[%emt 0:00:14]} Be7 {[%emt 0:00:30]} 7. Nf3 {[%emt 0:04:29]} O-O {[%emt 0:00:20]} 8. Nc3 {[%emt 0:01:34]} Nbd7 {[%emt 0:00:21]} 9. Be2 {[%emt 0:00:16]} a6 {[%emt 0:02:21]} 10. a4 {[%emt 0:00:43]} axb5 {[%emt 0:02:17]} 11. axb5 {[%emt 0:00:06]} Rxa1 {[%emt 0:00:11]} 12. Qxa1 {[%emt 0:00:23]} Re8 {[%emt 0:03:35]} 13. g4 {[%emt 0:02:45]} Nxg4 {[%emt 0:05:23]} 14. Rg1 {[%emt 0:00:25]} Ngf6 {[%emt 0:00:27]} 15. e4 {[%emt 0:00:23]} d4 {[%emt 0:04:01]} 16. Nxd4 {[%emt 0:01:32]} Nc5 {[%emt 0:00:33]} 17. d3 {[%emt 0:02:39]} Qxd4 {[%emt 0:00:55]} 18. Nd5 {[%emt 0:00:07]} Nxd3+ {[%emt 0:01:48]} 19. Bxd3 {[%emt 0:00:21]} Qxd3 {[%emt 0:00:48]} 20. Nxe7+ {[%emt 0:02:02]} Rxe7 {[%emt 0:00:53]} 21. Bxf6 {[%emt 0:02:55]} Qxe4+ {[%emt 0:00:33]} 22. Kf1 {[%emt 0:00:23]} Qd3+ {[%emt 0:04:27]} 23. Ke1 {[%emt 0:00:21]} Qe4+ {[%emt 0:05:26]} 24. Kf1 {[%emt 0:00:04]} Qd3+ {[%emt 0:04:42]} 25. Ke1 {[%emt 0:00:07]} Rd7 {[%emt 0:02:37]} 26. Rxg7+ {[%emt 0:02:58]} Kf8 {[%emt 0:00:17]} 27. Qc1 {[%emt 0:04:07]} Qd6 {[%emt 0:37:06]} 28. Qxc8+ {[%emt 0:02:20]} Rd8 {[%emt 0:00:21]} 29. Qxd8+ {[%emt 0:03:09]} Qxd8 {[%emt 0:00:22]} 30. Rxf7+ {[%emt 0:00:17]} Kxf7 {[%emt 0:00:19]} 31. Bxd8 {[%emt 0:00:03]} Ke8 {[%emt 0:00:27]} 32. Bb6 {[%emt 0:00:30]} 1-0

[Event "7. Arber-Senioren-Cup 2019"]
[Site "Bodenmais"]
[Date "2019.08.01"]
[Round "6.21"]
[White "Supplieth, Peter"]
[Black "Kirschner, Torsten"]
[Result "1/2-1/2"]
[WhiteElo "1880"]
[BlackElo "1767"]
[Annotator "NA"]
[PlyCount "110"]
[EventDate "2019.07.27"]
[EventType "swiss"]
[EventCountry "GER"]
[SourceTitle "playchess.com"]
[Source "ChessBase"]
[SourceQuality "1"]
[TimeControl "60/7800+30:0"]

1. e4 {[%emt 0:00:00]} c5 {[%emt 0:00:00]} 2. c3 {[%emt 0:00:10]} d5 {[%emt 0:00:17]} 3. exd5 {[%emt 0:00:00]} Nf6 {[%emt 0:01:41]} 4. c4 {[%emt 0:00:58]} Bf5 {[%emt 0:05:21]} 5. Nf3 {[%emt 0:03:49]} h6 {[%emt 0:03:51]} 6. Nc3 {[%emt 0:00:39]} Nbd7 {[%emt 0:02:14]} 7. d4 {[%emt 0:00:10]} Qc7 {[%emt 0:01:52]} 8. Be3 {[%emt 0:02:53]} Ng4 {[%emt 0:05:19]} 9. Nb5 {[%emt 0:02:15]} Qb8 {[%emt 0:00:59]} 10. Qd2 {[%emt 0:03:54]} a6 {[%emt 0:01:41]} 11. Bf4 {[%emt 0:00:28]} Qc8 {[%emt 0:03:34]} 12. Nc7+ {[%emt 0:00:27]} Kd8 {[%emt 0:00:11]} 13. Nxa8 {[%emt 0:01:28]} Qxa8 {[%emt 0:02:09]} 14. h3 {[%emt 0:01:01]} Ngf6 {[%emt 0:01:07]} 15. dxc5 {[%emt 0:00:19]} a5 {[%emt 0:01:40]} 16. Ne5 {[%emt 0:09:46]} Ne4 {[%emt 0:07:01]} 17. Qe3 {[%emt 0:03:39]} a4 {[%emt 0:15:46]} 18. Qa3 {[%emt 0:05:44]} Nxe5 {[%emt 0:06:00]} 19. Bxe5 {[%emt 0:00:08]} f6 {[%emt 0:00:23]} 20. Bh2 {[%emt 0:04:46]} e5 {[%emt 0:02:09]} 21. b4 {[%emt 0:00:19]} Nxc5 {[%emt 0:11:40]} 22. Be2 {[%emt 0:07:42]} Na6 {[%emt 0:02:09]} 23. O-O {[%emt 0:04:30]} Nxb4 {[%emt 0:02:29]} 24. Qf3 {[%emt 0:04:50]} Bh7 {[%emt 0:04:19]} 25. Rfd1 {[%emt 0:01:08]} Nc2 {[%emt 0:02:31]} 26. Rac1 {[%emt 0:04:31]} Bc5 {[%emt 0:01:21]} 27. Bd3 {[%emt 0:03:03]} Nd4 {[%emt 0:01:20]} 28. Qg4 {[%emt 0:00:57]} Bxd3 {[%emt 0:09:25]} 29. Rxd3 {[%emt 0:00:33]} Rg8 {[%emt 0:00:49]} 30. Kf1 {[%emt 0:04:08]} Qa6 {[%emt 0:01:33]} 31. Qd1 {[%emt 0:00:56]} Nf5 {[%emt 0:04:00]} 32. Qe1 {[%emt 0:07:52]} Re8 {[%emt 0:05:29]} 33. Qe4 {[%emt 0:02:39]} Nd6 {[%emt 0:01:40]} 34. Qg4 {[%emt 0:01:57]} Re7 {[%emt 0:01:48]} 35. Rdc3 {[%emt 0:06:05]} f5 {[%emt 0:06:43]} 36. Qe2 {[%emt 0:00:24]} Ne4 {[%emt 0:01:22]} 37. Rf3 {[%emt 0:03:10]} g6 {[%emt 0:02:09]} 38. Bg3 {[%emt 0:01:10]} Bd4 {[%emt 0:01:49]} 39. Qd3 {[%emt 0:06:56]} Rf7 {[%emt 0:02:54]} 40. h4 {[%emt 0:02:43]} Qa5 {[%emt 0:02:11]} 41. Rc2 {[%emt 0:14:46]} Qb6 {[%emt 0:06:46]} 42. Qd1 {[%emt 0:03:26]} g5 {[%emt 0:02:47]} 43. Re2 {[%emt 0:03:43]} g4 {[%emt 0:02:34]} 44. Rd3 {[%emt 0:04:01]} Nxg3+ {[%emt 0:04:16]} 45. Rxg3 {[%emt 0:01:24]} h5 {[%emt 0:00:10]} 46. Rd3 {[%emt 0:04:24]} Rc7 {[%emt 0:00:18]} 47. Rc2 {[%emt 0:00:32]} f4 {[%emt 0:00:22]} 48. Rc1 {[%emt 0:02:39]} Qf6 {[%emt 0:00:18]} 49. Ke2 {[%emt 0:05:50]} Bc5 {[%emt 0:01:52]} 50. Kd2 {[%emt 0:01:42]} Qxh4 {[%emt 0:00:08]} 51. Qe2 {[%emt 0:00:36]} Bb4+ {[%emt 0:00:12]} 52. Rdc3 {[%emt 0:00:34]} Qg5 {[%emt 0:00:30]} 53. Kc2 {[%emt 0:00:09]} Bxc3 {[%emt 0:00:15]} 54. Kxc3 {[%emt 0:00:05]} b5 {[%emt 0:00:19]} 55. Kb2 {[%emt 0:00:25]} Qe7 {[%emt 0:00:09]} 1/2-1/2

[Event "7. Arber-Senioren-Cup 2019"]
[Site "Bodenmais"]
[Date "2019.08.01"]
[Round "6.22"]
[White "Sagner, Guenter"]
[Black "Klimpel, Siegfried"]
[Result "1/2-1/2"]
[WhiteElo "1696"]
[BlackElo "1843"]
[Annotator "NA"]
[PlyCount "60"]
[EventDate "2019.07.27"]
[EventType "swiss"]
[EventCountry "GER"]
[SourceTitle "playchess.com"]
[Source "ChessBase"]
[SourceQuality "1"]
[TimeControl "60/7800+30:0"]

1. d4 {[%emt 0:00:00]} Nf6 {[%emt 0:00:00]} 2. c4 {[%emt 0:00:00]} e5 {[%emt 0:00:00]} 3. dxe5 {[%emt 0:00:31]} Ne4 {[%emt 0:00:37]} 4. Qc2 {[%emt 0:02:23]} Nc5 {[%emt 0:03:25]} 5. b4 {[%emt 0:04:09]} Ne6 {[%emt 0:00:26]} 6. a3 {[%emt 0:01:00]} a5 {[%emt 0:05:58]} 7. b5 {[%emt 0:03:16]} d5 {[%emt 0:04:17]} 8. exd6 {[%emt 0:00:50]} Qxd6 {[%emt 0:00:41]} 9. Bb2 {[%emt 0:01:32]} c6 {[%emt 0:04:00]} 10. Nc3 {[%emt 0:01:49]} cxb5 {[%emt 0:09:14]} 11. Rd1 {[%emt 0:01:30]} Qc6 {[%emt 0:04:45]} 12. cxb5 {[%emt 0:00:33]} Qc4 {[%emt 0:04:09]} 13. e3 {[%emt 0:01:03]} Qg4 {[%emt 0:00:17]} 14. Be2 {[%emt 0:01:22]} Qxg2 {[%emt 0:08:22]} 15. Bf3 {[%emt 0:00:24]} Qg6 {[%emt 0:00:02]} 16. Be4 {[%emt 0:03:15]} Qh6 {[%emt 0:02:47]} 17. Nd5 {[%emt 0:06:57]} Nd7 {[%emt 0:01:10]} 18. Bf5 {[%emt 0:08:00]} Ndc5 {[%emt 0:09:55]} 19. Nb6 {[%emt 0:05:31]} Nd4 {[%emt 0:22:30]} 20. exd4 {[%emt 0:06:36]} Qxb6 21. dxc5 Qxb5 {[%emt 0:15:10]} 22. Qe4+ {[%emt 0:01:34]} Be7 {[%emt 0:00:22]} 23. Bxg7 {[%emt 0:05:52]} Rg8 {[%emt 0:04:38]} 24. Bf6 {[%emt 0:00:35]} Qxc5 {[%emt 0:00:11]} 25. Bxc8 {[%emt 0:07:12]} Rxc8 {[%emt 0:00:04]} 26. Ne2 {[%emt 0:04:29]} Rc6 {[%emt 0:05:40]} 27. Rc1 {[%emt 0:06:05]} Qd6 {[%emt 0:05:36]} 28. Rxc6 bxc6 29. Qxe7+ Qxe7 30. Bxe7 Kxe7 1/2-1/2

[Event "7. Arber-Senioren-Cup 2019"]
[Site "Bodenmais"]
[Date "2019.08.01"]
[Round "6.23"]
[White "Peglau, Markus"]
[Black "Trinkl, Andreas"]
[Result "1-0"]
[WhiteElo "1849"]
[BlackElo "1620"]
[Annotator "NA"]
[PlyCount "47"]
[EventDate "2019.07.27"]
[EventType "swiss"]
[EventCountry "GER"]
[SourceTitle "playchess.com"]
[Source "ChessBase"]
[SourceQuality "1"]
[TimeControl "60/7800+30:0"]

1. Nf3 g6 {[%emt 0:00:00]} 2. c4 {[%emt 0:00:16]} Bg7 {[%emt 0:00:05]} 3. Nc3 {[%emt 0:00:05]} b6 {[%emt 0:01:26]} 4. d4 {[%emt 0:00:27]} Bb7 {[%emt 0:00:28]} 5. e4 {[%emt 0:01:33]} d6 {[%emt 0:00:34]} 6. Bd3 {[%emt 0:01:45]} c5 {[%emt 0:09:11]} 7. d5 {[%emt 0:07:10]} Nd7 {[%emt 0:01:45]} 8. O-O {[%emt 0:03:25]} Ne5 {[%emt 0:03:18]} 9. Nxe5 {[%emt 0:01:34]} dxe5 {[%emt 0:04:10]} 10. f4 {[%emt 0:04:48]} Bc8 {[%emt 0:19:05]} 11. Qf3 {[%emt 0:03:31]} Nh6 {[%emt 0:10:38]} 12. fxe5 {[%emt 0:03:09]} O-O {[%emt 0:00:47]} 13. Bf4 {[%emt 0:11:08]} Ng4 {[%emt 0:09:26]} 14. Qg3 {[%emt 0:03:43]} f6 {[%emt 0:07:08]} 15. exf6 {[%emt 0:02:43]} Nxf6 {[%emt 0:01:55]} 16. Qh4 {[%emt 0:10:59]} Be6 {[%emt 0:11:46]} 17. Bg5 {[%emt 0:23:14]} Re8 {[%emt 0:08:56]} 18. Rf3 {[%emt 0:03:05]} Bc8 {[%emt 0:09:23]} 19. e5 {[%emt 0:06:48]} Ng4 {[%emt 0:18:09]} 20. e6 {[%emt 0:07:36]} Bxe6 {[%emt 0:04:37]} 21. dxe6 {[%emt 0:05:07]} Bd4+ {[%emt 0:02:30]} 22. Kf1 {[%emt 0:15:46]} h5 {[%emt 0:08:43]} 23. Bxg6 {[%emt 0:03:47]} Rf8 {[%emt 0:03:52]} 24. Bf7+ 1-0